Ways of seeing; (Record no. 121860)
[ view plain ]
| 000 -LEADER | |
|---|---|
| fixed length control field | 00948cam a2200325 4500 |
| 001 - CONTROL NUMBER | |
| control field | 736558 |
| 003 - CONTROL NUMBER IDENTIFIER | |
| control field | ARRUPE |
| 005 - DATE AND TIME OF LATEST TRANSACTION | |
| control field | 20150121165337.0 |
| 008 - FIXED-LENGTH DATA ELEMENTS--GENERAL INFORMATION | |
| fixed length control field | 890123s1972 enka 000 0 eng |
| 010 ## - LIBRARY OF CONGRESS CONTROL NUMBER | |
| LC control number | 73154288 |
| 015 ## - NATIONAL BIBLIOGRAPHY NUMBER | |
| National bibliography number | B72-30736 |
| 020 ## - INTERNATIONAL STANDARD BOOK NUMBER | |
| International Standard Book Number | 0140216316 (BBC) |
| 035 ## - SYSTEM CONTROL NUMBER | |
| System control number | (OCoLC)632700 |
| 035 ## - SYSTEM CONTROL NUMBER | |
| System control number | (OCoLC)ocm00632700 |
| 035 ## - SYSTEM CONTROL NUMBER | |
| System control number | (CStRLIN)NYCG89-B4848 |
| 035 ## - SYSTEM CONTROL NUMBER | |
| System control number | (NNC)736558 |
| 040 ## - CATALOGING SOURCE | |
| Transcribing agency | arrupe |
| 050 0# - LIBRARY OF CONGRESS CALL NUMBER | |
| Classification number | N7430.5 |
| Item number | .W39 |
| 082 ## - DEWEY DECIMAL CLASSIFICATION NUMBER | |
| Classification number | 759.94 |
| 090 ## - LOCALLY ASSIGNED LC-TYPE CALL NUMBER (OCLC); LOCAL CALL NUMBER (OCLC) | |
| Classification number (OCLC) (R) ; Classification number, CALL (RLIN) (NR) | N7430.5 |
| Local cutter number (OCLC) ; Book number/undivided call number, CALL (RLIN) | .W39 |
| 300 ## - PHYSICAL DESCRIPTION | |
| Other physical details | illus. |
| Dimensions | 20 cm. |
| 245 00 - TITLE STATEMENT | |
| Title | Ways of seeing; |
| Statement of responsibility, etc | a book made by John Berger [and others]. |
| 260 ## - PUBLICATION, DISTRIBUTION, ETC. (IMPRINT) | |
| Place of publication, distribution, etc | London, |
| Name of publisher, distributor, etc | British Broadcasting Corporation; |
| Place of publication, distribution, etc | Harmondsworth, |
| Name of publisher, distributor, etc | Penguin, |
| Date of publication, distribution, etc | 1972. |
| 300 ## - PHYSICAL DESCRIPTION | |
| Extent | 165 p. |
| 500 ## - GENERAL NOTE | |
| General note | "Based on the BBC television series with John Berger." |
| 650 #0 - SUBJECT ADDED ENTRY--TOPICAL TERM | |
| Topical term or geographic name as entry element | Visual perception. |
| 9 (RLIN) | 14380 |
| 650 #0 - SUBJECT ADDED ENTRY--TOPICAL TERM | |
| Topical term or geographic name as entry element | Art |
| General subdivision | Technique. |
| 9 (RLIN) | 14509 |
| 700 1# - ADDED ENTRY--PERSONAL NAME | |
| Personal name | Berger, John. |
| 9 (RLIN) | 14510 |
| 942 ## - ADDED ENTRY ELEMENTS (KOHA) | |
| Source of classification or shelving scheme | Library of Congress Classification |
| Koha item type | Monograph ( Printed materials) |
| Withdrawn status | Lost status | Source of classification or shelving scheme | Damaged status | Not for loan | Collection code | Home library | Current library | Shelving location | Date acquired | Total Checkouts | Full call number | Barcode | Date last seen | Price effective from | Koha item type |
|---|---|---|---|---|---|---|---|---|---|---|---|---|---|---|---|
| Library of Congress Classification | Main Collection | ARRUPE LIBRARY | ARRUPE LIBRARY | Main Collection | 21/01/2015 | N7430.5 .W39 | 46500003044 | 03/07/2018 | 21/01/2015 | Monograph ( Printed materials) |